|
|
|
|
| LEADER |
00000cam a2200000 7i4500 |
| 001 |
0000002268 |
| 002 |
000002471 |
| 005 |
20000330.0 |
| 020 |
|
|
|a 0071128956
|
| 090 |
0 |
0 |
|a 658.3
|b WER
|
| 100 |
1 |
|
|a Werther, William B
|
| 245 |
1 |
0 |
|a Human rescources and personnel management
|c William B.Werther,Jr.and Keith Davis
|
| 250 |
|
|
|a 4th ed
|
| 260 |
|
|
|a New York :
|b McGraw-Hill ,
|c 1993
|
| 300 |
|
|
|a 671p. ;
|c 23cm.
|
| 650 |
0 |
0 |
|a Personnel management
|
| 700 |
1 |
|
|a Davis, Keith ,
|d 1918-
|
| 999 |
|
|
|a 035531
|b BUKU
|c PINJAMAN
|e PERPUSTAKAAN KOMUNITI PETALING JAYA
|
| 999 |
|
|
|a 035532
|b BUKU
|c PINJAMAN
|e PERPUSTAKAAN KOMUNITI PETALING JAYA
|